000 00343 a2200157 4500
001 154340
040 _cEscola São Tomás de Aquino
100 _aMARICATO, Hermínia
240 1 0 _aHabitação e cidade
_lpor
245 1 0 _aHabitação e cidade
300 _a79
362 0 _a1997
440 1 _aAtual
697 _aHISTÓRIA
942 _cBK
999 _c154340
_d154340